| 000 | 00387nam a22001457a 4500 | ||
|---|---|---|---|
| 020 | _qPB. | ||
| 040 | _cFIZZA ISHAQ | ||
| 082 |
_a624.18 _bSUN |
||
| 100 |
_aDAVDAS, PILLAI KRISHNA UNNI S. _989471 |
||
| 245 |
_aREINFORCED CONCRETE DESIGN / _cS.UNNI, KRISHNA PILLAI DAVDAS. |
||
| 250 | _a3rd ED. | ||
| 260 |
_aNEW DEHLI ; _bMC GRAW HILL, _c2009. |
||
| 300 | _a902 P. ; | ||
| 942 |
_2ddc _cBK |
||
| 999 |
_c588198 _d588198 |
||